| 000 | 01566nam1a22002291i 4500 | ||
|---|---|---|---|
| 001 | rc\894630 | ||
| 005 | 20240723223236.0 | ||
| 011 | _a0207-799Х | ||
| 035 | _a(NLR Aleph) 006241439 | ||
| 090 |
_a6669847 _c6669847 |
||
| 100 | _a20041129g19839999u |0rusy50 ca | ||
| 101 | 0 | _arus | |
| 102 | _aRU | ||
| 105 | _ay ||||||||| | ||
| 200 | 1 |
_aКнижная летопись. Летопись журнальных статей _iСерия "Энергетика. Электроэнергетика. Электротехника" _eОтрасл. библиогр. указ. _fВсесоюз. кн. палата |
|
| 210 |
_aМ. _cКнига _d1983- |
||
| 300 | _aОбразовано в результате объединения: Книжная летопись. Основной выпуск. Серия "Энергетика. Электроэнергетика. Электротехника", ISSN 0201-5943 (Ш.: С П-1/1258), Книжная летопись. Дополнительный выпуск. Серия "Энергетика, Электроэнергетика. Электроника", ISSN 0201-5676 (Ш.: С П-1/1285) и Летопись журнальных статей. Серия "Энергетика. Электроэнергетика. Электротехника", ISSN 0201-5854 (Ш.: С П-1/1228) | ||
| 300 | _aВ надзаг. также: Гос. ком. СССР по делам изд-в, полиграфии и кн. торговли | ||
| 801 | 0 |
_aRU _bNLR _gpsbo |
|
| 801 | 1 |
_aRU _bELAR _2rusmarc |
|
| 852 |
_aNLR _bС _jП-1/1584 |
||
| 942 | _cBOOK | ||